| 000 | 00766nam a22001937a 4500 | ||
|---|---|---|---|
| 999 |
_c63941 _d63941 |
||
| 005 | 20260226114155.0 | ||
| 008 | 260226s2008 enk||||| |||| 00| 0 eng d | ||
| 020 | _a9780198292159x | ||
| 041 | _aeng | ||
| 080 | _a334.722.1 : 338.45.02 The-44 | ||
| 245 |
_aThe Japanese Firm: _bSources of Competitive Strength / _cEdited by Masahiko Aoki, Ronald Dore. |
||
| 264 |
_aOxford : _bOxford university Press, _c2008. |
||
| 300 |
_a410 p.; _b24 cm. |
||
| 653 | _aიაპონური ფირმა | ||
| 653 | _aკონკურენტული სიძლიერის წყაროები | ||
| 700 |
_aAoki, Masahiko _eრედაქტორი _926979 |
||
| 700 |
_aDore, Ronald _eრედაქტორი _926980 |
||
| 942 |
_2udc _cᲬᲘᲒᲜᲘ |
||